[Event "4NCL/Div3/WES2 vs. SLOS2"]
[Site "Birmingham ENG"]
[Date "2006.05.01"]
[Round "11.4"]
[White "Taylor, Robert M"]
[Black "Taylor, Phil"]
[Result "1/2-1/2"]
[WhiteElo "2203"]
[BlackElo "2063"]
[PlyCount "77"]
[EventDate "2006.05.01"]
[EventType "team"]
[EventRounds "11"]
[EventCountry "ENG"]
[SourceDate "2006.04.29"]
[WhiteTeam "Slough Sharks 2"]
[BlackTeam "Wessex 2"]

1. e4 d6 2. d4 Nf6 3. Bd3 e5 4. c3 d5 5. dxe5 Nxe4 6. Be3 Nc5 7. Bc2 Nc6 8. f4
a5 9. Na3 Ne6 10. Nb5 d4 11. Nxd4 Ncxd4 12. cxd4 Bb4+ 13. Kf2 g5 14. f5 Ng7 15.
a3 Bf8 16. f6 Nf5 17. Be4 c6 18. Ne2 Nxe3 19. Kxe3 Qb6 20. Qd2 Be6 21. Kf3 g4+
22. Kg3 h5 23. h4 gxh3 24. gxh3 Bh6 25. Qc3 Rg8+ 26. Kh2 O-O-O 27. Rhg1 Kb8 28.
Rad1 Qb5 29. Bf3 Bc4 30. Rxg8 Rxg8 31. Rg1 Rxg1 32. Nxg1 Bf4+ 33. Kg2 h4 34.
Be4 Bf1+ 35. Kh1 Bg3 36. Bg2 Bc4 37. Be4 Bf1 38. Bg2 Bc4 39. Be4 1/2-1/2

[Event "4NCL/Div3/WES2 vs. SLOS2"]
[Site "Birmingham ENG"]
[Date "2006.05.01"]
[Round "11.5"]
[White "Pym, Thomas W"]
[Black "Domany, Zsofia"]
[Result "1-0"]
[WhiteElo "2078"]
[BlackElo "2184"]
[PlyCount "91"]
[EventDate "2006.05.01"]
[EventType "team"]
[EventRounds "11"]
[EventCountry "ENG"]
[SourceDate "2006.04.29"]
[WhiteTeam "Wessex 2"]
[BlackTeam "Slough Sharks 2"]

1. e4 c5 2. Nf3 Nc6 3. d4 cxd4 4. Nxd4 e5 5. Nb5 d6 6. c4 Be7 7. Bd3 a6 8. N5c3
Bg5 9. Bxg5 Qxg5 10. Nd5 Qxg2 11. Rf1 Kf8 12. Nb6 Rb8 13. Qa4 Nf6 14. Nd2 Nd7
15. Nxd7+ Bxd7 16. Qa3 Qg6 17. O-O-O Qf6 18. Nb3 Rd8 19. f4 exf4 20. Be2 Bh3
21. Rf3 Bg4 22. Rfd3 Bxe2 23. Rxd6 Kg8 24. Rxd8+ Nxd8 25. Rd6 Qg5 26. Qc5 Qxc5
27. Nxc5 Nc6 28. Nxb7 g5 29. Rxc6 f3 30. Kd2 Kg7 31. Nd6 Rd8 32. Ke3 g4 33. c5
h5 34. Rc7 Kg6 35. e5 h4 36. Kf2 f6 37. e6 g3+ 38. hxg3 h3 39. e7 Rh8 40. e8=Q+
Rxe8 41. Nxe8 h2 42. Rg7+ Kh6 43. Rg8 h1=N+ 44. Ke3 Nxg3 45. Rxg3 f5 46. Rxf3
1-0

[Event "4NCL/Div3/WES2 vs. SLOS2"]
[Site "Birmingham ENG"]
[Date "2006.05.01"]
[Round "11.6"]
[White "McCarthy, Kevin"]
[Black "Ferrington, Nigel M"]
[Result "1-0"]
[WhiteElo "2060"]
[BlackElo "2115"]
[PlyCount "87"]
[EventDate "2006.05.01"]
[EventType "team"]
[EventRounds "11"]
[EventCountry "ENG"]
[SourceDate "2006.04.29"]
[WhiteTeam "Slough Sharks 2"]
[BlackTeam "Wessex 2"]

1. d4 Nf6 2. Bf4 g6 3. Nf3 Bg7 4. h3 O-O 5. e3 d6 6. Bd3 Nbd7 7. Nbd2 Re8 8.
Bh2 e5 9. dxe5 dxe5 10. Bc4 h6 11. O-O Qe7 12. c3 Nh7 13. Qc2 c6 14. Qxg6 b5
15. Bb3 Nhf8 16. Qxc6 Rb8 17. Qe4 Kh8 18. Qd5 Kg8 19. Qd3 Rb6 20. e4 Ng6 21.
Qe3 Kh7 22. a4 bxa4 23. Rxa4 Nc5 24. Ra3 Bf8 25. Bd5 Ba6 26. Bc4 Qf6 27. b4 Nd7
28. b5 Bxa3 29. bxa6 Bc5 30. Qe2 Nf4 31. Bxf4 Qxf4 32. Nb3 Be7 33. Bb5 Rd8 34.
Na5 Nc5 35. Nc6 Rd7 36. Nfxe5 Rc7 37. Qc4 Bd6 38. g3 Qf6 39. Ng4 Qf3 40. e5 Bf8
41. Nd4 Qe4 42. Nf6+ Rxf6 43. exf6 Nxa6 44. Bc6 1-0

[Event "4NCL/Div3/WES2 vs. SLOS2"]
[Site "Birmingham ENG"]
[Date "2006.05.01"]
[Round "11.7"]
[White "Gregory, Keith D"]
[Black "Willis, Rupert"]
[Result "1/2-1/2"]
[WhiteElo "2093"]
[BlackElo "2100"]
[PlyCount "77"]
[EventDate "2006.05.01"]
[EventType "team"]
[EventRounds "11"]
[EventCountry "ENG"]
[SourceDate "2006.04.29"]
[WhiteTeam "Wessex 2"]
[BlackTeam "Slough Sharks 2"]

1. Nf3 d5 2. g3 Nf6 3. Bg2 c5 4. O-O Nc6 5. d4 e6 6. c4 Be7 7. cxd5 exd5 8. Nc3
O-O 9. dxc5 d4 10. Na4 Bf5 11. Ne1 Be4 12. Bxe4 Nxe4 13. Nd3 b5 14. cxb6 axb6
15. Qc2 Rc8 16. Ne5 Nxe5 17. Qxe4 Bf6 18. Bf4 Re8 19. Rac1 Ra8 20. Qc2 d3 21.
exd3 Nf3+ 22. Kh1 Nd4 23. Qd1 g5 24. Bc7 Qd5+ 25. f3 Rxa4 26. Qxa4 Re2 27. g4
b5 28. Qa6 Be5 29. Qc8+ Kg7 30. Kg1 Rxh2 31. Rce1 Ne2+ 32. Rxe2 Rxe2 33. Bxe5+
Qxe5 34. Qc3 Qxc3 35. bxc3 Rxa2 36. Rb1 Rd2 37. Rxb5 Rxd3 38. Rxg5+ Kf6 39.
Rf5+ 1/2-1/2

[Event "4NCL/Div3/WES2 vs. SLOS2"]
[Site "Birmingham ENG"]
[Date "2006.05.01"]
[Round "11.8"]
[White "Duggan, Michael"]
[Black "Norman, Dinah"]
[Result "1/2-1/2"]
[WhiteElo "2082"]
[BlackElo "2008"]
[PlyCount "65"]
[EventDate "2006.05.01"]
[EventType "team"]
[EventRounds "11"]
[EventCountry "ENG"]
[SourceDate "2006.04.29"]
[WhiteTeam "Slough Sharks 2"]
[BlackTeam "Wessex 2"]

1. e4 c6 2. d4 d5 3. Nc3 dxe4 4. Nxe4 Nd7 5. Bc4 Ngf6 6. Ng5 e6 7. Qe2 Nb6 8.
Bb3 h6 9. N5f3 Be7 10. Nh3 O-O 11. c3 c5 12. O-O Bd7 13. dxc5 Bxc5 14. Rd1 Qc8
15. Ne5 Bc6 16. Nxc6 Qxc6 17. Be3 Bxe3 18. Qxe3 Rfd8 19. Nf4 Nbd5 20. Qf3 Nxf4
21. Qxf4 a6 22. Rd4 Rxd4 23. Qxd4 Qc7 24. Rd1 Rc8 25. Rd3 Qe7 26. Qd6 Kf8 27.
f3 Qxd6 28. Rxd6 Ke7 29. Rd4 a5 30. Kf2 b6 31. Ke3 Rc5 32. g4 Nd5+ 33. Kd2
1/2-1/2

[Event "4NCL/Div4/GUI4 vs. ATH2"]
[Site "West Bromwich ENG"]
[Date "2005.11.05"]
[Round "1.1"]
[White "Frostick, Clive A"]
[Black "McLaughlin, Noel"]
[Result "1/2-1/2"]
[WhiteElo "2220"]
[BlackElo "1990"]
[PlyCount "66"]
[EventDate "2005.11.05"]
[SourceDate "2005.10.25"]

1. e4 c5 2. Nf3 Nc6 3. Bb5 g6 4. O-O Bg7 5. Bxc6 bxc6 6. Nc3 Nh6 7. d3 O-O 8.
Be3 d6 9. h3 f6 10. Nh2 f5 11. Qd2 Nf7 12. f4 Rb8 13. Nd1 fxe4 14. dxe4 Ba6 15.
Rf3 Rb4 16. e5 dxe5 17. Qxd8 Rxd8 18. Bxc5 Rxf4 19. Bxe7 Rd7 20. Ba3 Ng5 21.
Rxf4 exf4 22. c3 Be2 23. Nf2 Bc4 24. b3 Be6 25. Bb4 c5 26. Bxc5 Bxc3 27. Rc1
Bd2 28. Rd1 Be3 29. Rxd7 Bxd7 30. Bxe3 fxe3 31. Nfg4 e2 32. Kf2 Bb5 33. Nf3
Ne4+ 1/2-1/2

[Event "4NCL/Div4/GUI4 vs. ATH2"]
[Site "West Bromwich ENG"]
[Date "2005.11.05"]
[Round "1.2"]
[White "Weighell, Mark"]
[Black "Allinson, Julian"]
[Result "1/2-1/2"]
[WhiteElo "1990"]
[BlackElo "2205"]
[PlyCount "53"]
[EventDate "2005.11.05"]
[SourceDate "2005.10.25"]

1. e4 c6 2. Nc3 d5 3. Qf3 dxe4 4. Nxe4 Nd7 5. d4 Ndf6 6. c3 Nxe4 7. Qxe4 Nf6 8.
Qc2 Qd5 9. Nf3 Bf5 10. Bd3 Bxd3 11. Qxd3 Qe4+ 12. Qxe4 Nxe4 13. Ne5 e6 14. f3
Nf6 15. Bf4 c5 16. O-O-O Nd5 17. Bg3 Be7 18. Rhe1 cxd4 19. Rxd4 O-O 20. Nd7
Rfe8 21. c4 Rad8 22. cxd5 Rxd7 23. Ra4 b5 24. dxe6 fxe6 25. Ra6 Rc8+ 26. Kb1
Rd2 27. Raxe6 1/2-1/2

[Event "4NCL/Div4/GUI4 vs. ATH2"]
[Site "West Bromwich ENG"]
[Date "2005.11.05"]
[Round "1.3"]
[White "Andersson, Frans"]
[Black "Kay, Jonathan"]
[Result "1/2-1/2"]
[WhiteElo "2135"]
[BlackElo "1940"]
[PlyCount "34"]
[EventDate "2005.11.05"]
[SourceDate "2005.10.25"]

1. d4 d5 2. Nf3 Nf6 3. c4 c6 4. Qc2 Nbd7 5. g3 g6 6. Bg2 Bg7 7. O-O O-O 8. cxd5
cxd5 9. Bf4 Nb6 10. Nc3 Bf5 11. Qb3 Rc8 12. Rac1 Ne4 13. Rfd1 Nxc3 14. Rxc3
Rxc3 15. Qxc3 Qc8 16. Qd2 Qc2 17. Qxc2 Bxc2 1/2-1/2

[Event "4NCL/Div4/GUI4 vs. ATH2"]
[Site "West Bromwich ENG"]
[Date "2005.11.05"]
[Round "1.4"]
[White "Hylands, Liam"]
[Black "Horton, Justin"]
[Result "0-1"]
[WhiteElo "1950"]
[BlackElo "2110"]
[PlyCount "62"]
[EventDate "2005.11.05"]
[SourceDate "2005.10.25"]

1. e4 e5 2. Nc3 Nf6 3. Bc4 Nc6 4. d3 Bb4 5. Bg5 h6 6. Bh4 g5 7. Bg3 d5 8. exd5
Nxd5 9. Nge2 Bg4 10. Bxd5 Qxd5 11. f3 Be6 12. O-O Qd7 13. Ne4 O-O-O 14. a3 Be7
15. b4 f6 16. Qd2 Nd4 17. Nxd4 exd4 18. Nc5 Bxc5 19. bxc5 Qc6 20. Qb4 Rd5 21.
Rfe1 Re8 22. Rab1 Bd7 23. Rxe8+ Bxe8 24. Bf2 Rxc5 25. Qxd4 Rxc2 26. Re1 b6 27.
h3 Bg6 28. Qg4+ Kb7 29. Re6 Rc1+ 30. Kh2 Qd5 31. f4 Bf5 0-1

[Event "4NCL/Div4/GUI4 vs. ATH2"]
[Site "West Bromwich ENG"]
[Date "2005.11.05"]
[Round "1.5"]
[White "Shepley, Julien M"]
[Black "Aniecko, Colin"]
[Result "1-0"]
[WhiteElo "2085"]
[BlackElo "1855"]
[PlyCount "49"]
[EventDate "2005.11.05"]
[SourceDate "2005.10.25"]

1. d4 d5 2. Nf3 e6 3. g3 c5 4. Bg2 Nc6 5. O-O Qb6 6. c4 dxc4 7. Na3 cxd4 8.
Nxc4 Qd8 9. b3 g6 10. Bb2 Bg7 11. e3 e5 12. exd4 e4 13. Re1 f5 14. d5 Bxb2 15.
Nxb2 Nb8 16. Qd4 Qf6 17. Nc4 Nd7 18. Rac1 Kf8 19. Nfe5 b5 20. Nxd7+ Bxd7 21.
Ne5 Ke8 22. f3 Nh6 23. fxe4 Qb6 24. Qxb6 axb6 25. exf5 1-0

[Event "4NCL/Div4/GUI4 vs. ATH2"]
[Site "West Bromwich ENG"]
[Date "2005.11.05"]
[Round "1.6"]
[White "Sant, Maria"]
[Black "Hill, David F"]
[Result "0-1"]
[WhiteElo "1435"]
[BlackElo "2070"]
[PlyCount "58"]
[EventDate "2005.11.05"]
[SourceDate "2005.10.25"]

1. e4 c6 2. Nc3 d5 3. d4 dxe4 4. Nxe4 Nd7 5. c3 Ngf6 6. Nd2 e6 7. Bd3 c5 8.
Ngf3 Bd6 9. O-O O-O 10. Nc4 Be7 11. Bf4 cxd4 12. cxd4 Nd5 13. Bd2 b6 14. b3 Bb7
15. Qc2 N7f6 16. Rae1 Nb4 17. Qb1 Bxf3 18. gxf3 Qxd4 19. Bxb4 Bxb4 20. Re2 Qf4
21. Re3 Bc5 22. Re5 Bd4 23. Rb5 a6 24. Rh5 Nxh5 25. Bxh7+ Kh8 26. Re1 f5 27.
Bg6 Qg5+ 28. Kf1 Nf4 29. Bxf5 Qg2# 0-1

[Event "4NCL/Div4/GUI5 vs. PAP"]
[Site "West Bromwich ENG"]
[Date "2005.11.05"]
[Round "1.2"]
[White "Hunt, Harriet"]
[Black "Bryant, Richard"]
[Result "1-0"]
[WhiteElo "2352"]
[BlackElo "2060"]
[PlyCount "93"]
[EventDate "2005.11.05"]
[SourceDate "2005.10.25"]

1. e4 c5 2. Nf3 Nc6 3. Bb5 g6 4. Bxc6 dxc6 5. d3 Bg7 6. h3 e5 7. Be3 b6 8. Qd2
f6 9. Nc3 Be6 10. O-O Ne7 11. Ne2 Qd7 12. Bh6 Ng8 13. Bxg7 Qxg7 14. Nh2 g5 15.
c3 Rd8 16. Qe3 h5 17. Rfd1 g4 18. h4 Qh6 19. Nf1 Ne7 20. b3 f5 21. exf5 Qxe3
22. fxe3 Nxf5 23. g3 Bc8 24. Rd2 Ba6 25. c4 O-O 26. Nc3 Ng7 27. Ne4 Ne6 28. a4
Kg7 29. a5 b5 30. Raa2 Rd7 31. Rac2 Rdf7 32. Rf2 Rxf2 33. Rxf2 Rxf2 34. Kxf2
Bc8 35. Nfd2 Nd8 36. Nxc5 Nb7 37. Nxb7 Bxb7 38. Ne4 Bc8 39. Ke2 Bd7 40. Kd2 Kf7
41. Kc3 Ke7 42. Kb4 Be8 43. Kc5 bxc4 44. dxc4 Bg6 45. Nd6 Kd7 46. a6 Kc7 47. b4
1-0

[Event "4NCL/Div4/GUI5 vs. PAP"]
[Site "West Bromwich ENG"]
[Date "2005.11.05"]
[Round "1.3"]
[White "Chai, Wei Koong"]
[Black "Sheldon, Ruth"]
[Result "0-1"]
[WhiteElo "1955"]
[BlackElo "2256"]
[PlyCount "78"]
[EventDate "2005.11.05"]
[SourceDate "2005.10.25"]

1. e4 c5 2. Nf3 e6 3. d4 cxd4 4. Nxd4 Nc6 5. Nb5 d6 6. c4 Nf6 7. N1c3 a6 8. Na3
Be7 9. Be2 b6 10. O-O Bb7 11. f3 Nb8 12. Nc2 Nbd7 13. Be3 Qc7 14. Rc1 Rd8 15.
Nd4 Qb8 16. Qb3 O-O 17. Kh1 Rfe8 18. Rfd1 Ba8 19. a3 d5 20. cxd5 exd5 21. exd5
Nc5 22. Qc2 Qe5 23. Bg1 Nxd5 24. Nxd5 Bxd5 25. Bc4 Bg5 26. Bxd5 Rxd5 27. Nc6
Qd6 28. Nb4 Rxd1 29. Rxd1 Qe5 30. Nd5 Bd8 31. Nc3 Bc7 32. b4 Ne6 33. Nd5 Bb8
34. Nxb6 Nf4 35. Nd7 Qg5 36. Rd2 h5 37. Nxb8 Rxb8 38. Qd1 Re8 39. h3 Qg3 0-1

[Event "4NCL/Div4/GUI5 vs. PAP"]
[Site "West Bromwich ENG"]
[Date "2005.11.05"]
[Round "1.4"]
[White "Lang, Heather"]
[Black "Arghandewal, Aryan Y"]
[Result "1-0"]
[WhiteElo "2040"]
[BlackElo "1715"]
[PlyCount "93"]
[EventDate "2005.11.05"]
[SourceDate "2005.10.25"]

1. e4 c5 2. Nc3 Nc6 3. g3 g6 4. Bg2 Bg7 5. d3 e5 6. Be3 Nd4 7. Nce2 d6 8. c3
Nxe2 9. Nxe2 Bg4 10. f4 Qd7 11. O-O exf4 12. Bxf4 Ne7 13. Bg5 O-O 14. Qd2 Nc6
15. Bf6 Bh3 16. Bxg7 Kxg7 17. Bxh3 Qxh3 18. Qg5 Qd7 19. Nf4 Qe7 20. Nh5+ Kh8
21. Nf6 Kg7 22. Rf4 Rh8 23. Raf1 h5 24. Rh4 Kf8 25. Rhf4 Nd8 26. Qd5 Rc8 27. g4
hxg4 28. Rxg4 Rc7 29. Rxg6 Qe5 30. Qxe5 dxe5 31. Nd5 Rc6 32. Rgf6 Rg8+ 33. Kh1
Rxf6 34. Rxf6 Ne6 35. Rf5 b6 36. Nf6 Rg6 37. Nd7+ Kg7 38. Nxe5 Rf6 39. Rxf6
Kxf6 40. Ng4+ Kg5 41. Ne3 a5 42. Nd5 b5 43. Kg2 Kh4 44. Kf3 a4 45. Nf4 Ng5+ 46.
Ke3 Kg4 47. d4 1-0

[Event "4NCL/Div4/GUI5 vs. PAP"]
[Site "West Bromwich ENG"]
[Date "2005.11.05"]
[Round "1.5"]
[White "Adami, Mark"]
[Black "Forbes, Cathy"]
[Result "0-1"]
[WhiteElo "1745"]
[BlackElo "2075"]
[PlyCount "52"]
[EventDate "2005.11.05"]
[SourceDate "2005.10.25"]

1. d4 d5 2. c4 c6 3. Nf3 Bf5 4. cxd5 Bxb1 5. Rxb1 Qxd5 6. Qa4 Nd7 7. e3 Nb6 8.
Qc2 Qxa2 9. Bd3 e6 10. O-O Qd5 11. Bd2 Nf6 12. Rfc1 Be7 13. e4 Qd8 14. e5 Nfd5
15. Bxh7 Nb4 16. Qb3 Rxh7 17. Bxb4 Nd5 18. Bxe7 Qxe7 19. g3 g5 20. Nxg5 Qxg5
21. Qxb7 Rd8 22. Qxc6+ Kf8 23. Ra1 Kg7 24. Rxa7 Rdh8 25. Rxf7+ Kxf7 26. Qd7+
Qe7 0-1

[Event "4NCL/Div4/GUI5 vs. PAP"]
[Site "West Bromwich ENG"]
[Date "2005.11.05"]
[Round "1.6"]
[White "Kieran, Rosalind A"]
[Black "Mills, Nigel"]
[Result "1-0"]
[WhiteElo "2015"]
[BlackElo "1705"]
[PlyCount "59"]
[EventDate "2005.11.05"]
[SourceDate "2005.10.25"]

1. e4 c5 2. Nf3 d6 3. d4 cxd4 4. Nxd4 Nf6 5. Nc3 a6 6. Be3 e6 7. f3 Nc6 8. Qd2
Qc7 9. g4 h6 10. O-O-O Be7 11. h4 Nd7 12. Bd3 Bf6 13. Nce2 Nce5 14. g5 Nxd3+
15. Qxd3 hxg5 16. hxg5 Rxh1 17. Rxh1 Be7 18. g6 Ne5 19. gxf7+ Nxf7 20. Qb3 Qd7
21. f4 Bf6 22. f5 exf5 23. Rh8+ Nxh8 24. Qg8+ Ke7 25. Nxf5+ Qxf5 26. exf5 Nf7
27. Nf4 Nd8 28. Nd5+ Kd7 29. Nb6+ Kc6 30. Qc4# 1-0

[Event "4NCL/Div4/ATH1 vs. ADD"]
[Site "West Bromwich ENG"]
[Date "2005.11.05"]
[Round "1.2"]
[White "Klein, Cornelia"]
[Black "Pedersen, Carsten"]
[Result "0-1"]
[WhiteElo "1905"]
[BlackElo "2175"]
[PlyCount "88"]
[EventDate "2005.11.05"]
[SourceDate "2005.10.25"]

1. e4 e6 2. d4 d5 3. Nd2 c5 4. c3 cxd4 5. cxd4 Nc6 6. Ngf3 Nf6 7. exd5 exd5 8.
Nb3 Bf5 9. Bb5 Bd6 10. O-O Ne4 11. Ne5 O-O 12. Bxc6 bxc6 13. Bf4 Qb6 14. Rc1
Rfc8 15. Qf3 a5 16. Nxf7 Kxf7 17. Bxd6 Nxd6 18. g4 a4 19. Nc5 Qxb2 20. Rfd1 Qb6
21. gxf5 Qd8 22. Qh5+ Kg8 23. Re1 Ra7 24. Ne6 Qf6 25. Ng5 Qxf5 26. Re5 Qg6 27.
Qxg6 hxg6 28. Re6 Nc4 29. Rxg6 Re7 30. Re6 Rxe6 31. Nxe6 Kf7 32. Nc5 a3 33. Rc3
Re8 34. Rc2 Re1+ 35. Kg2 Rb1 36. Nd3 Rb2 37. Rc1 Rxa2 38. Nb4 Rb2 39. Nxc6 a2
40. Ra1 Nd2 41. Na5 Ne4 42. h4 Nc3 43. Nc6 Rb1 44. Ne5+ Ke6 0-1

[Event "4NCL/Div4/ATH1 vs. ADD"]
[Site "West Bromwich ENG"]
[Date "2005.11.05"]
[Round "1.3"]
[White "Gruettner, Ralf"]
[Black "Goggin, Eamonn P"]
[Result "1-0"]
[WhiteElo "2105"]
[BlackElo "1885"]
[PlyCount "63"]
[EventDate "2005.11.05"]
[SourceDate "2005.10.25"]

1. e4 c5 2. f4 Nc6 3. Nf3 g6 4. d3 Bg7 5. Be2 e6 6. O-O Nge7 7. c3 d5 8. Qc2
O-O 9. Be3 b6 10. Nbd2 Bb7 11. Rad1 Qc7 12. e5 Rac8 13. Ng5 Qd7 14. Ndf3 f6 15.
exf6 Bxf6 16. Rde1 Nf5 17. Bc1 Rce8 18. Bd1 e5 19. fxe5 Nxe5 20. Nxe5 Rxe5 21.
Rxe5 Bxe5 22. Bg4 Qd6 23. Nf3 Bf4 24. Bxf5 Rxf5 25. d4 Qf6 26. Qe2 Bxc1 27.
Rxc1 Kg7 28. Re1 Qf7 29. Qe3 Rf4 30. Qe5+ Qf6 31. Qc7+ Qf7 32. Re7 1-0

[Event "4NCL/Div4/FCA2 vs. CHED"]
[Site "West Bromwich ENG"]
[Date "2005.11.05"]
[Round "1.1"]
[White "Fraser-Mitchell, Jeremy"]
[Black "Wallace, Paul"]
[Result "0-1"]
[WhiteElo "2120"]
[BlackElo "2235"]
[PlyCount "144"]
[EventDate "2005.11.05"]
[SourceDate "2005.10.25"]

1. d4 Nf6 2. c4 g6 3. f3 Bg7 4. e4 d6 5. Nc3 c6 6. Be3 a6 7. a4 a5 8. Bd3 Na6
9. Nge2 e5 10. d5 Nd7 11. O-O O-O 12. Nc1 f5 13. Nb3 f4 14. Bf2 c5 15. Nb5 Nf6
16. Be1 b6 17. Kf2 g5 18. Ke2 Rf7 19. Kd2 Bf8 20. Bf2 Rb8 21. Rg1 Rbb7 22. Qe2
Rg7 23. Raf1 h5 24. Kc1 Nh7 25. Nd2 Nb4 26. b3 Rbf7 27. Bb1 g4 28. Kb2 Be7 29.
Bc2 Ng5 30. Bd1 gxf3 31. Nxf3 Bg4 32. Be1 Bxf3 33. Rxf3 Nxf3 34. Qxf3 Qd7 35.
Qf1 Rh7 36. Bf3 Rfg7 37. Qe2 Rh6 38. Kc3 Rg5 39. Bh4 Rg7 40. Be1 Bf6 41. Bf2
Qe7 42. Be1 Kf8 43. Kb2 Na6 44. Bd2 Rh8 45. Be1 Qd8 46. Bf2 Bg5 47. Be1 Qf6 48.
Rf1 Ke7 49. Bc3 Qh6 50. Qd1 Bf6 51. Kb1 Rhg8 52. Rf2 Rg5 53. Bd2 Qh7 54. Qe2
R8g6 55. Kc1 Qg7 56. Kd1 h4 57. h3 Rg3 58. Be1 Kd7 59. Rf1 Rxg2 60. Bxg2 Rxg2
61. Qh5 Qg6 62. Qxg6 Rxg6 63. Bf2 Rg2 64. Ke2 Rh2 65. Kf3 Rxh3+ 66. Kg4 Rh2 67.
Kf5 Be7 68. Rg1 Rxf2 69. Rg8 h3 70. Ra8 Rg2 71. Ra7+ Ke8 72. Rxa6 Rg5+ 0-1

[Event "4NCL/Div4/FCA2 vs. CHED"]
[Site "West Bromwich ENG"]
[Date "2005.11.05"]
[Round "1.2"]
[White "Shaw, Robert"]
[Black "Kendall, Paul S N"]
[Result "1-0"]
[WhiteElo "2240"]
[BlackElo "2075"]
[PlyCount "53"]
[EventDate "2005.11.05"]
[SourceDate "2005.10.25"]

1. e4 e5 2. Nf3 Nc6 3. Bb5 a6 4. Bxc6 dxc6 5. O-O f6 6. d4 Bg4 7. dxe5 Qxd1 8.
Rxd1 fxe5 9. Rd3 Bd6 10. h3 Bh5 11. Nc3 Nf6 12. Bg5 Bxf3 13. Rxf3 Nd7 14. Rd1
Rf8 15. Rxf8+ Nxf8 16. Ne2 Ne6 17. Be3 Rd8 18. f3 Kf7 19. Kf2 Bc5 20. Rxd8
Bxe3+ 21. Kxe3 Nxd8 22. f4 Kf6 23. g3 Nf7 24. Nc1 c5 25. Nd3 c4 26. Nc5 Nd6 27.
Nd7+ 1-0

[Event "4NCL/Div4/FCA2 vs. CHED"]
[Site "West Bromwich ENG"]
[Date "2005.11.05"]
[Round "1.3"]
[White "Majer, Chris E"]
[Black "Smith, Alan A"]
[Result "0-1"]
[WhiteElo "2075"]
[BlackElo "2260"]
[PlyCount "152"]
[EventDate "2005.11.05"]
[SourceDate "2005.10.25"]

1. e4 c5 2. d4 e6 3. c3 b6 4. Nf3 Bb7 5. Bd3 Nf6 6. Qe2 Be7 7. O-O Nc6 8. Nbd2
cxd4 9. cxd4 Nb4 10. Re1 Nxd3 11. Qxd3 O-O 12. Nf1 d5 13. e5 Ne4 14. Bd2 Rc8
15. Rac1 Qd7 16. Ng3 Qa4 17. a3 Ba6 18. Qe3 Nxd2 19. Qxd2 Rc4 20. Nf1 h6 21.
Ne3 Rxc1 22. Rxc1 Qd7 23. Rc2 Rc8 24. Qc1 Rxc2 25. Qxc2 Bb5 26. h3 a5 27. Nf1
Qb7 28. N1d2 Be2 29. Qc3 Qa6 30. Qc7 Bf8 31. Qc3 b5 32. Qc7 a4 33. Kh2 Bd3 34.
Kg1 b4 35. axb4 a3 36. bxa3 Qxa3 37. Qd8 Qxb4 38. Kh2 Kh7 39. Qd7 Bg6 40. Qd8
Be7 41. Qd7 Qa3 42. Qb5 Bb4 43. Qe2 Bc3 44. Qe3 Qb2 45. Kg3 Kg8 46. Kh2 Kf8 47.
Kg1 Ke7 48. Kh2 Kd7 49. Qf4 Kc6 50. Qe3 Kb5 51. Qe2+ Ka5 52. Qe3 Qc2 53. Kg3
Kb4 54. Kh2 Qd3 55. Kg3 Qc2 56. Kh2 Qc1 57. Qe2 Qa1 58. Qe3 Qd1 59. Kg3 h5 60.
Kh2 h4 61. Qf4 Qe2 62. Qe3 Qxe3 63. fxe3 Bxd2 64. Nxd2 Kc3 65. Nf1 Kd3 66. g4
Ke2 67. Kg2 Be4+ 68. Kg1 g5 69. Kh2 Kf2 70. Nd2 Kxe3 71. Nb3 Bc2 72. Nc5 Kxd4
73. Nd7 Ke3 74. Nb6 Bb3 75. Nd7 d4 76. Nc5 Bc2 0-1

[Event "4NCL/Div4/FCA2 vs. CHED"]
[Site "West Bromwich ENG"]
[Date "2005.11.05"]
[Round "1.4"]
[White "Acey, Gerald"]
[Black "Goldsworthy, Patrick"]
[Result "1/2-1/2"]
[WhiteElo "2140"]
[BlackElo "2005"]
[PlyCount "51"]
[EventDate "2005.11.05"]
[SourceDate "2005.10.25"]

1. d4 Nf6 2. c4 d6 3. Nc3 Nbd7 4. e4 e5 5. d5 Be7 6. Bd3 O-O 7. Nf3 Re8 8. h3
Nf8 9. Be3 Ng6 10. Qd2 c6 11. g4 Bd7 12. Bg5 h6 13. Be3 Nh7 14. Ne2 c5 15. Ng3
Ng5 16. Nxg5 Bxg5 17. Bxg5 Qxg5 18. Qxg5 hxg5 19. Kd2 a6 20. Nf5 Bxf5 21. gxf5
Nh4 22. Be2 f6 23. a4 a5 24. Ra3 b6 25. Rb3 Reb8 26. Rg1 1/2-1/2

[Event "4NCL/Div4/FCA2 vs. CHED"]
[Site "West Bromwich ENG"]
[Date "2005.11.05"]
[Round "1.5"]
[White "Williamson, Kevin J"]
[Black "Hood, Simon J"]
[Result "1-0"]
[WhiteElo "2080"]
[BlackElo "2155"]
[PlyCount "95"]
[EventDate "2005.11.05"]
[SourceDate "2005.10.25"]

1. d4 d6 2. e4 e5 3. dxe5 dxe5 4. Qxd8+ Kxd8 5. Bc4 Ke8 6. Nf3 f6 7. Be3 Nd7 8.
Nc3 Bb4 9. Bd2 Bxc3 10. Bxc3 Nc5 11. Nd2 Nh6 12. f3 Nf7 13. O-O-O Nd6 14. Bb4
Nxc4 15. Nxc4 Na6 16. Bc3 Be6 17. Ne3 c6 18. Nf5 Bxf5 19. exf5 Nc7 20. f4 exf4
21. Rhe1+ Kf8 22. Bb4+ Kg8 23. Re7 Nd5 24. Rxb7 h5 25. Bc5 Kh7 26. c4 Ne3 27.
Bxe3 fxe3 28. Rdd7 Kh6 29. h4 e2 30. Kd2 Rae8 31. Re7 Rxe7 32. Rxe7 Rd8+ 33.
Kc3 Rd1 34. Rxe2 Rf1 35. Re6 c5 36. Ra6 Rxf5 37. Rxa7 Rf2 38. Rc7 Rxg2 39. Rxc5
Rh2 40. a4 Rxh4 41. a5 Rh1 42. b4 h4 43. a6 h3 44. a7 h2 45. a8=Q Rc1+ 46. Kb2
h1=Q 47. Qh8+ Kg6 48. Qe8+ 1-0

[Event "4NCL/Div4/FCA2 vs. CHED"]
[Site "West Bromwich ENG"]
[Date "2005.11.05"]
[Round "1.6"]
[White "Yu, Yangshi"]
[Black "Billsberry, Jon"]
[Result "1-0"]
[WhiteElo "1950"]
[BlackElo "1800"]
[PlyCount "37"]
[EventDate "2005.11.05"]
[SourceDate "2005.10.25"]

1. d4 d5 2. c4 e6 3. Nc3 c5 4. e3 cxd4 5. exd4 dxc4 6. Bxc4 Nf6 7. Nf3 Be7 8.
O-O O-O 9. Qc2 Nc6 10. Rd1 Nb4 11. Qe2 a6 12. a3 Nbd5 13. Ne5 Nxc3 14. bxc3 Nd5
15. Bd2 b5 16. Nc6 Nxc3 17. Bxc3 Qc7 18. Nxe7+ Qxe7 19. Bb4 1-0

[Event "4NCL/Div4/NOTT1 vs. WWKS2"]
[Site "West Bromwich ENG"]
[Date "2005.11.05"]
[Round "1.1"]
[White "Barnes, Michael H"]
[Black "Baruch, Andrew J D"]
[Result "1-0"]
[WhiteElo "2200"]
[BlackElo "2180"]
[PlyCount "43"]
[EventDate "2005.11.05"]
[SourceDate "2005.10.25"]

1. d4 g6 2. e4 Bg7 3. Be3 d6 4. Nc3 a6 5. Qd2 b5 6. Bd3 Nd7 7. a4 c5 8. Nf3 b4
9. Ne2 Qc7 10. dxc5 Nxc5 11. Bd4 e5 12. Bxc5 Qxc5 13. O-O Bh6 14. Qe1 Nf6 15.
c3 a5 16. Nd2 Bb7 17. Nb3 Qb6 18. Bb5+ Ke7 19. cxb4 axb4 20. Qxb4 Bxe4 21. Nc3
Bd3 22. Qh4 1-0

[Event "4NCL/Div4/NOTT1 vs. WWKS2"]
[Site "West Bromwich ENG"]
[Date "2005.11.05"]
[Round "1.2"]
[White "Hunt, Malcolm A"]
[Black "Richmond, Robert J"]
[Result "1/2-1/2"]
[WhiteElo "2090"]
[BlackElo "2190"]
[PlyCount "103"]
[EventDate "2005.11.05"]
[SourceDate "2005.10.25"]

1. d4 f5 2. Bg5 g6 3. Nc3 Bg7 4. e4 fxe4 5. Nxe4 Nf6 6. Bd3 Nxe4 7. Bxe4 d5 8.
Bf3 c5 9. c3 cxd4 10. cxd4 Qa5+ 11. Bd2 Qb6 12. Bc3 e6 13. Ne2 O-O 14. O-O Bd7
15. Re1 Nc6 16. Qd2 Rf7 17. Rad1 Raf8 18. Nc1 Qd8 19. Qe3 Qh4 20. g3 Qf6 21.
Bg4 Qxf2+ 22. Qxf2 Rxf2 23. Nd3 Rc2 24. Nf4 h5 25. Bxe6+ Bxe6 26. Rxe6 g5 27.
Nxd5 Rd8 28. Ne7+ Kf7 29. Nxc6 bxc6 30. Rxc6 Bxd4+ 31. Kh1 Bb6 32. Rxd8 Bxd8
33. Rd6 Be7 34. Rd2 Rc1+ 35. Kg2 Ke6 36. h3 Bc5 37. Re2+ Kd6 38. Kf3 Rf1+ 39.
Ke4 Rh1 40. Kf5 Rxh3 41. Be5+ Kd5 42. Kxg5 a5 43. b3 Rh1 44. Bc3 Bb4 45. Bxb4
axb4 46. Rc2 Rg1 47. Kf4 Rf1+ 48. Ke3 Re1+ 49. Kf3 Rf1+ 50. Kg2 Rd1 51. Rc4 Rd4
52. Rc2 1/2-1/2